Eastern Utah Libraries Catalog: Duchesne, Heber, Roosevelt, & Vernal

All the way to the river : (Record no. 411916)

MARC details
000 -LEADER
fixed length control field 01825aam a2200421 i 4500
001 - CONTROL NUMBER
control field 2024058119
005 - DATE AND TIME OF LATEST TRANSACTION
control field 20251001153623.0
008 - FIXED-LENGTH DATA ELEMENTS--GENERAL INFORMATION
fixed length control field 250523s2025 nyua 0000 0aeng d
010 ## - LIBRARY OF CONGRESS CONTROL NUMBER
LC control number 2024058119
020 ## - INTERNATIONAL STANDARD BOOK NUMBER
International Standard Book Number 9780593540985
Qualifying information (hardcover)
020 ## - INTERNATIONAL STANDARD BOOK NUMBER
Cancelled/invalid ISBN 9780593541005
Qualifying information (ebook)
035 ## - SYSTEM CONTROL NUMBER
System control number (OCoLC)1522759439
040 ## - CATALOGING SOURCE
Original cataloging agency DLC
Language of cataloging eng
Description conventions rda
Transcribing agency DLC
Modifying agency TnLvILS
042 ## - AUTHENTICATION CODE
Authentication code pcc
043 ## - GEOGRAPHIC AREA CODE
Geographic area code n-us---
050 00 - LIBRARY OF CONGRESS CALL NUMBER
Classification number PS3557.I3415
Item number Z46 2025
082 00 - DEWEY DECIMAL CLASSIFICATION NUMBER
Classification number 813/.54
-- B
Edition number 23/eng/20250603
092 ## - LOCALLY ASSIGNED DEWEY CALL NUMBER (OCLC)
Classification number general nonfiction
Item number 92 Gilbert, Elizabeth
100 1# - MAIN ENTRY--PERSONAL NAME
Personal name Gilbert, Elizabeth,
Dates associated with a name 1969-
Relator term author.
245 10 - TITLE STATEMENT
Title All the way to the river :
Remainder of title love, loss, and liberation /
Statement of responsibility, etc Elizabeth Gilbert.
264 #1 - Production, Publication, Distribution, Manufacture, and Copyright Notice.
Place of production, publication, distribution, manufacture New York, NY :
Name of producer, publisher, distributor, manufacturer Riverhead Books,
Date of production, publication, distribution, manufacture, or copyr 2025.
300 ## - PHYSICAL DESCRIPTION
Extent 380 pages :
Other physical details illustrations ;
Dimensions 24 cm
336 ## - Content Type
Content type term text
337 ## - Media type
Media type term unmediated
338 ## - Carrier type
Carrier type term volume
500 ## - GENERAL NOTE
General note "Oprah's book club"--Jacket.
520 ## - SUMMARY, ETC.
Summary, etc "In 2000, Elizabeth Gilbert met Rayya. They became friends, then best friends, then inseparable. When tragedy entered their lives, the truth was finally laid bare: The two were in love. They were also a pair of addicts, on a collision course toward catastrophe."--
600 10 - SUBJECT ADDED ENTRY--PERSONAL NAME
Personal name Gilbert, Elizabeth,
Dates associated with a name 1969-
600 10 - SUBJECT ADDED ENTRY--PERSONAL NAME
Personal name Elias, Rayya.
9 (RLIN) 6552708
650 #0 - SUBJECT ADDED ENTRY--TOPICAL TERM
Topical term or geographic name as entry element Women authors, American
Form subdivision Biography.
9 (RLIN) 5703642
650 #0 - SUBJECT ADDED ENTRY--TOPICAL TERM
Topical term or geographic name as entry element Spouses of cancer patients
Geographic subdivision United States
Form subdivision Biography.
9 (RLIN) 6420178
650 #0 - SUBJECT ADDED ENTRY--TOPICAL TERM
Topical term or geographic name as entry element Addicts
Geographic subdivision United States
Form subdivision Biography.
9 (RLIN) 6455235
650 #0 - SUBJECT ADDED ENTRY--TOPICAL TERM
Topical term or geographic name as entry element Lesbians
Geographic subdivision United States
Form subdivision Biography.
9 (RLIN) 6355981
650 #0 - SUBJECT ADDED ENTRY--TOPICAL TERM
Topical term or geographic name as entry element Bereavement.
655 #7 - INDEX TERM--GENRE/FORM
Genre/form data or focus term Autobiographies.
Source of term lcgft
776 08 - ADDITIONAL PHYSICAL FORM ENTRY
Display text Online version:
Main entry heading Gilbert, Elizabeth, 1969-
Title All the way to the river
Place, publisher, and date of publication New York : Riverhead Books, 2025
International Standard Book Number 9780593541005
Record control number (DLC) 2024058120
942 ## - ADDED ENTRY ELEMENTS (KOHA)
Source of classification or shelving scheme Dewey Decimal Classification
Koha item type BOOK
Holdings
Withdrawn status Lost status Source of classification or shelving scheme Damaged status Not for loan Collection code Home library Current library Shelving location Date acquired Source of acquisition Total Checkouts Total Renewals Full call number Barcode Checked out Date last seen Date checked out Cost, replacement price Price effective from Koha item type
    Dewey Decimal Classification     General NonFiction Wasatch County Library Wasatch County Library Second Floor 10/01/2025 Ingram 6 3 92 Gilbert 34301002102525 04/19/2026 02/21/2026 02/21/2026 35.00 10/01/2025 BOOK
This project was made possible through a grant from the Institute of Museum and Library Service administered by the Utah State Library Division.

Wasatch County Library

  • 465 East 1200 South, Heber City, Utah 84032
  • Phone 435-654-1511 | Fax 435-654-6456

Hours

  • Monday - Friday 9:30 AM - 8:00 PM
  • Saturday 9:30 AM - 1:30 PM
  • Closed Sundays and Holidays